000 00394cam a22001217a 4500
008 180718b1966 xxu||||| |||| 00| 0 eng d
082 _aA81x54 In2/61/9/PT11D/2
100 _aCensus of India 1961
245 _aTemples: Tiruchirapalli and South Arcot
260 _aDelhi
_bThe Manager of Publications
_c1966
300 _a521+p.
440 _aCensus of India 1961. Volume IX, Madras. Part XI-D (ii)
999 _c484207
_d484207